000 00961nam a22002657a 4500
999 _c63748
_d63748
005 20240530110657.0
008 171221s2015 ua a f b 000 0 ara d
017 _a2014/26290
_bمصر. دار الكتب
020 _a9789770529539
040 _aEG-CaGPL
_cEG-CaGPL
082 0 4 _221
_a741 /
_bأ ر
100 0 _aاسامة محمد مصطفى الفقى
245 1 0 _aرسم النباتات والزهور /
_cاسامة محمد مصطفى الفقى
250 _aط.1
260 _aالقاهرة :
_bمكتبة الانجلو المصرية ،
_c2015.
300 _a63 ص. :
_bايض ؛
_c30 سم.
490 0 _aاجمل الرسوم بالخط المرسوم
650 0 7 _2qrmak
_aالرسم
650 0 7 _2qrmak
_aالرسم
_xتعليم وتدريس
650 0 7 _2qrmak
_aالرسم
_xالطرق الفنية
650 0 7 _2qrmak
_aرسم الزهور
651 _2qrmak
942 _2ddc
_cBK